[Event "LSS SL-2006-0-00052"]
[Site "LSS email"]
[Date "2006.10.30"]
[Round "?"]
[White "Sperrer, Reinhard"]
[Black "Nash, Chris"]
[Result "0-1"]
[WhiteElo "1317"]
[BlackElo "972"]
[PlyCount "28"]
[EventDate "2006.10.20"]
[EventType "tourn (corr)"]
[EventRounds "10"]
[EventCountry "GER"]
[SourceTitle "Corr 2015"]
[Source "ChessBase"]
[SourceDate "2015.07.17"]
[SourceVersion "1"]
[SourceVersionDate "2015.07.17"]
[SourceQuality "1"]

1. e4 e5 2. Nf3 Nc6 3. d4 exd4 4. Nxd4 Nxd4 5. Qxd4 d6 6. Nc3 Nf6 7. Bg5 Be7 8. 0-0-0 h6 9. Bh4 0-0 10. f4 Nd7 11. Bxe7 Qxe7 12. Bc4 Nb6 13. Bb3 Be6 14. Bxe6 fxe6 0-1

[Event "CFriend CP-2005-P-00043"]
[Site "Chessfriend.com"]
[Date "2005.10.01"]
[Round "1"]
[White "Bush, Freddy"]
[Black "Sperrer, Reinhard"]
[Result "1-0"]
[WhiteElo "1800"]
[BlackElo "1334"]
[PlyCount "77"]
[EventDate "2005.??.??"]
[EventType "tourn (corr)"]
[EventRounds "4"]
[SourceTitle "Corr 2008"]
[Source "ChessBase"]
[SourceDate "2008.06.24"]
[SourceVersion "1"]
[SourceVersionDate "2008.06.24"]
[SourceQuality "1"]

1. Nf3 d5 2. g3 c5 3. Bg2 Nc6 4. d3 e5 5. 0-0 Nf6 6. Nbd2 Be7 7. e4 0-0 8. h3 Re8 9. Kh1 dxe4 10. dxe4 Be6 11. Ng5 Bd7 12. c3 Qc8 13. Kh2 Ng4+ 14. hxg4 Bxg5 15. Nc4 Bxg4 16. f3 Rd8 17. Qb3 Bxc1 18. fxg4 Bh6 19. g5 Bxg5 20. Rxf7 b5 21. Rf5 Qa6 22. Nd6+ c4 23. Qxb5 Qxb5 24. Nxb5 Be7 25. Bf1 Rd2+ 26. Kh3 Rxb2 27. Bxc4+ Kh8 28. Rf7 a6 29. Nc7 Rab8 30. Bxa6 Rf8 31. Rxf8+ Bxf8 32. Rf1 Bd6 33. Bc4 Rb8 34. Rf7 Rb7 35. Nb5 Rxf7 36. Bxf7 Be7 37. Bd5 Nb8 38. a4 g6 39. Kg4 1-0

[Event "CFriend CP-2005-P-00043"]
[Site "Chessfriend.com"]
[Date "2005.10.01"]
[Round "1"]
[White "Spanton, Timothy"]
[Black "Sperrer, Reinhard"]
[Result "1-0"]
[WhiteElo "2096"]
[BlackElo "1334"]
[PlyCount "43"]
[EventDate "2005.??.??"]
[EventType "tourn (corr)"]
[EventRounds "4"]
[SourceTitle "Corr 2008"]
[Source "ChessBase"]
[SourceDate "2008.06.24"]
[SourceVersion "1"]
[SourceVersionDate "2008.06.24"]
[SourceQuality "1"]

1. e4 e5 2. Nf3 Nf6 3. Nxe5 d6 4. Nf3 Nxe4 5. c4 Be7 6. d4 0-0 7. Bd3 Nf6 8. h3 Nc6 9. a3 d5 10. Nc3 dxc4 11. Bxc4 a6 12. 0-0 Bf5 13. d5 Na7 14. Re1 Nc8 15. Bg5 Re8 16. Bd3 Bxd3 17. Qxd3 Nb6 18. Rad1 Qd7 19. Ne5 Qd6 20. Qf5 h6 21. Bxh6 gxh6 22. Ne4 1-0

[Event "CFriend CP-2005-P-00043"]
[Site "Chessfriend.com"]
[Date "2005.10.01"]
[Round "1"]
[White "Sperrer, Reinhard"]
[Black "Khoklov, Igor"]
[Result "0-1"]
[WhiteElo "1334"]
[BlackElo "2394"]
[PlyCount "52"]
[EventDate "2005.??.??"]
[EventType "tourn (corr)"]
[EventRounds "4"]
[SourceTitle "Corr 2024"]
[Source "ChessBase"]
[SourceDate "2023.10.19"]
[SourceVersion "1"]
[SourceVersionDate "2023.10.19"]
[SourceQuality "1"]

1. e4 c5 2. Ne2 Nf6 3. Nbc3 d5 4. exd5 Nxd5 5. Nxd5 Qxd5 6. d4 e5 7. dxe5 Qxe5 8. c3 Nc6 9. Bf4 Qe7 10. Qc2 g6 11. 0-0-0 Bf5 12. Qd2 Rd8 13. Qe3 Rxd1+ 14. Kxd1 Be6 15. Nc1 c4 16. Be2 Bg7 17. Qd2 Ne5 18. Qd4 Qc7 19. Qxa7 0-0 20. Qe3 Re8 21. Ke1 Bf5 22. Kf1 b5 23. Bg5 h6 24. Bxh6 Bxh6 25. Qxh6 Nd3 26. Qd2 Nxc1 0-1

[Event "CFriend CP-2005-P-00043"]
[Site "Chessfriend.com"]
[Date "2005.10.01"]
[Round "1"]
[White "Sperrer, Reinhard"]
[Black "Landas, Joel"]
[Result "1-0"]
[WhiteElo "1334"]
[BlackElo "1394"]
[PlyCount "43"]
[EventDate "2005.??.??"]
[EventType "tourn (corr)"]
[EventRounds "4"]
[SourceTitle "Corr 2008"]
[Source "ChessBase"]
[SourceDate "2008.06.24"]
[SourceVersion "1"]
[SourceVersionDate "2008.06.24"]
[SourceQuality "1"]

1. e4 e5 2. Nf3 Nc6 3. d4 exd4 4. Nxd4 Bc5 5. Be3 Qf6 6. c3 Qg6 7. Qf3 Nf6 8. Nb5 Bxe3 9. Nxc7+ Kd8 10. Nxa8 Bh6 11. Be2 d5 12. exd5 Re8 13. dxc6 Bg4 14. cxb7 Nd7 15. b8Q+ Nxb8 16. Qd5+ Nd7 17. Qa5+ Nb6 18. 0-0 Bxe2 19. Qxa7 Nxa8 20. Qxa8+ Kd7 21. Qb7+ Kd6 22. Na3 1-0

[Event "IECG CE.2005.0.00090 email"]
[Site "IECG email"]
[Date "2005.09.21"]
[Round "?"]
[White "El Mulo, El Mulo"]
[Black "Sperrer, Reinhard"]
[Result "1-0"]
[WhiteElo "1384"]
[BlackElo "1334"]
[PlyCount "115"]
[EventDate "2005.09.21"]
[EventType "tourn (corr)"]
[EventRounds "6"]
[SourceTitle "Corr 2008"]
[Source "ChessBase"]
[SourceDate "2008.06.24"]
[SourceVersion "1"]
[SourceVersionDate "2008.06.24"]
[SourceQuality "1"]

1. e4 e5 2. Nf3 d6 3. d4 Nd7 4. Bc4 c6 5. Ng5 Nh6 6. 0-0 Nb6 7. Be2 Be7 8. Nf3 Ng4 9. a4 a5 10. h3 Nf6 11. Nc3 0-0 12. dxe5 dxe5 13. Qxd8 Bxd8 14. Nxe5 Re8 15. f4 Nbd7 16. Nxd7 Bxd7 17. Bd3 Bb6+ 18. Kh2 Bd4 19. e5 Bxc3 20. bxc3 Nd5 21. Bd2 c5 22. c4 Nb4 23. Be4 Rad8 24. Be3 b6 25. c3 Nc6 26. Bd5 Ne7 27. Rfb1 Bf5 28. Rxb6 Nxd5 29. cxd5 Rxd5 30. c4 Rd3 31. Bxc5 Rc3 32. Ra6 Rxc4 33. Rxa5 Rxf4 34. Bd6 Rf2 35. Kg1 Rc2 36. Re1 Rec8 37. Re3 Be6 38. Rg3 Ra2 39. Ra3 Re2 40. Be7 Bd7 41. Rd3 Bc6 42. Rc5 Rxg2+ 43. Kf1 Rg6 44. a5 Rb8 45. a6 Rb1+ 46. Ke2 Rg2+ 47. Ke3 Rg3+ 48. Kd4 Rxd3+ 49. Kxd3 Bd7 50. Ra5 Rb8 51. h4 h6 52. a7 Ra8 53. Bc5 g5 54. h5 Kg7 55. Ke3 Be8 56. Ra1 Bc6 57. Rb1 Bd5 58. Rb5 1-0

[Event "IECG CE.2005.0.00090 email"]
[Site "IECG email"]
[Date "2005.09.21"]
[Round "?"]
[White "Zonneveld, Will"]
[Black "Sperrer, Reinhard"]
[Result "1/2-1/2"]
[WhiteElo "1258"]
[BlackElo "1334"]
[PlyCount "85"]
[EventDate "2005.09.21"]
[EventType "tourn (corr)"]
[EventRounds "6"]
[SourceTitle "Corr 2008"]
[Source "ChessBase"]
[SourceDate "2008.06.24"]
[SourceVersion "1"]
[SourceVersionDate "2008.06.24"]
[SourceQuality "1"]

1. c4 Nf6 2. Nc3 e6 3. d4 Bb4 4. g3 c5 5. Nf3 0-0 6. Bg2 cxd4 7. Nxd4 d5 8. cxd5 Nxd5 9. Bd2 Nxc3 10. bxc3 Be7 11. 0-0 e5 12. Nf3 Nc6 13. Qc2 h6 14. Rfd1 Qc7 15. Nh4 Bxh4 16. gxh4 Rd8 17. Be3 Be6 18. Qa4 Na5 19. Qb5 Bc4 20. Qc5 Qxc5 21. Bxc5 Bxe2 22. Re1 Bc4 23. Rxe5 Nc6 24. Bxc6 bxc6 25. a3 a6 26. Re4 Be6 27. Rd4 Rdb8 28. c4 Rb2 29. Rc1 Rc8 30. Rc3 Re8 31. Re3 Rc2 32. Bb4 Rb8 33. c5 a5 34. Bxa5 Rb1+ 35. Re1 Rbb2 36. Red1 Rxc5 37. Be1 Kh7 38. a4 Bb3 39. Ra1 Re5 40. Bc3 Rc2 41. Rd3 Rc5 42. Bd4 Rd5 43. Rxb3 1/2-1/2

[Event "CFriend SL-2004-0-00020 email"]
[Site "Chessfriend.com"]
[Date "2004.06.15"]
[Round "1"]
[White "Sperrer, Reinhard"]
[Black "Hasidume, Shuji"]
[Result "0-1"]
[WhiteElo "1334"]
[BlackElo "1397"]
[PlyCount "78"]
[EventDate "2004.??.??"]
[EventType "tourn (corr)"]
[EventRounds "12"]
[SourceTitle "Corr 2008"]
[Source "ChessBase"]
[SourceDate "2008.06.24"]
[SourceVersion "1"]
[SourceVersionDate "2008.06.24"]
[SourceQuality "1"]

1. c4 c5 2. Nc3 g6 3. g3 Bg7 4. Bg2 Nc6 5. Nf3 e6 6. 0-0 Nge7 7. d3 0-0 8. Be3 d6 9. Rb1 Rb8 10. Qd2 Nf5 11. Bg5 f6 12. Be3 Qe7 13. Rfd1 Rd8 14. d4 b6 15. d5 Na5 16. b3 e5 17. Qd3 Nxe3 18. Qxe3 a6 19. Nd2 Bf5 20. Nde4 b5 21. cxb5 axb5 22. a4 bxa4 23. bxa4 Rb4 24. Rxb4 cxb4 25. Nb5 b3 26. Rb1 Rd7 27. Qc3 Qd8 28. Qb4 Bxe4 29. Bxe4 f5 30. Bg2 e4 31. g4 Be5 32. gxf5 gxf5 33. Nd4 Rb7 34. Qd2 Bxd4 35. Qxd4 Rc7 36. Qe3 Rg7 37. Qh3 Qf6 38. Qe3 b2 39. Qb6 h5 0-1

[Event "IECG CP.2002.Q.00022 email"]
[Site "IECG email"]
[Date "2003.10.01"]
[Round "?"]
[White "Della Valle, Massimo"]
[Black "Sperrer, Reinhard"]
[Result "1-0"]
[WhiteElo "1882"]
[BlackElo "1288"]
[PlyCount "79"]
[EventDate "2003.10.01"]
[EventType "tourn (corr)"]
[EventRounds "10"]
[SourceTitle "Corr 2008"]
[Source "ChessBase"]
[SourceDate "2008.06.24"]
[SourceVersion "1"]
[SourceVersionDate "2008.06.24"]
[SourceQuality "1"]

1. e4 d6 2. d4 Nc6 3. Nc3 g6 4. Be3 Bg7 5. f3 e5 6. d5 Nce7 7. Qd2 a6 8. Bd3 Nf6 9. Nge2 0-0 10. 0-0-0 c6 11. dxc6 Nxc6 12. g4 Be6 13. g5 Nh5 14. Kb1 b5 15. Nd5 Bxd5 16. exd5 Ne7 17. Ng3 Nf4 18. Be4 Nh3 19. Qg2 Qd7 20. Ne2 Rac8 21. f4 Nxf4 22. Nxf4 exf4 23. Bxf4 Rc4 24. Bc1 Qc7 25. Rde1 Ra4 26. Bd2 Rc8 27. Rhf1 Be5 28. b3 Rd4 29. c3 Rxd2 30. Qxd2 Qxc3 31. Qxc3 Rxc3 32. Rf3 Rxf3 33. Bxf3 Nf5 34. Be4 Nd4 35. h4 Kg7 36. Kc1 f6 37. gxf6+ Bxf6 38. h5 gxh5 39. Kd2 Kh6 40. Ke3 1-0

[Event "IECG CP.2003.P.00041 email"]
[Site "IECG email"]
[Date "2003.10.01"]
[Round "?"]
[White "Evans, Gordon R"]
[Black "Sperrer, Reinhard"]
[Result "1/2-1/2"]
[WhiteElo "2263"]
[BlackElo "1288"]
[PlyCount "97"]
[EventDate "2003.10.01"]
[EventType "tourn (corr)"]
[EventRounds "6"]
[EventCountry "USA"]
[SourceTitle "Corr 2008"]
[Source "ChessBase"]
[SourceDate "2008.06.24"]
[SourceVersion "1"]
[SourceVersionDate "2008.06.24"]
[SourceQuality "1"]

1. e4 d6 2. d4 Nf6 3. Nc3 g6 4. Nf3 Bg7 5. Be2 0-0 6. 0-0 c6 7. Re1 Nbd7 8. Bf4 Re8 9. Qd2 c5 10. d5 Ng4 11. a4 Nde5 12. Nxe5 Nxe5 13. a5 a6 14. Na4 Nd7 15. Be3 Rb8 16. Bd3 Qc7 17. Rab1 b6 18. axb6 Nxb6 19. Nxb6 Rxb6 20. Bh6 Bf6 21. b3 e6 22. Bc4 Bd7 23. dxe6 Bxe6 24. Bd5 Rb4 25. Qd3 Qc8 26. Qf3 Be5 27. Bd2 Rb8 28. Qd3 Bxd5 29. Qxd5 Qb7 30. Qd3 Qb5 31. c4 Qc6 32. f3 Rb7 33. Red1 Reb8 34. Qc2 Bd4+ 35. Kh1 Qe8 36. Bc3 Bxc3 37. Qxc3 Qe5 38. Qc2 a5 39. Rd5 Qf4 40. Qc3 a4 41. g3 Qh6 42. Rxd6 Rxb3 43. Rxb3 axb3 44. Rd1 Qg7 45. e5 Qf8 46. Kg2 Rb4 47. Qb2 Qe7 48. Rd3 Kg7 49. Rxb3 1/2-1/2

[Event "IECG CP.2002.Q.00022 email"]
[Site "IECG email"]
[Date "2003.10.01"]
[Round "?"]
[White "Kerr, Stephen GR"]
[Black "Sperrer, Reinhard"]
[Result "1-0"]
[WhiteElo "2642"]
[BlackElo "1288"]
[PlyCount "67"]
[EventDate "2003.10.01"]
[EventType "tourn (corr)"]
[EventRounds "10"]
[SourceTitle "Corr 2008"]
[Source "ChessBase"]
[SourceDate "2008.06.24"]
[SourceVersion "1"]
[SourceVersionDate "2008.06.24"]
[SourceQuality "1"]

1. c4 e5 2. g3 Nf6 3. Bg2 c6 4. d4 exd4 5. Qxd4 d5 6. Nf3 Be7 7. cxd5 cxd5 8. Nc3 Nc6 9. Qa4 0-0 10. 0-0 Be6 11. Be3 a6 12. Nd4 Nxd4 13. Bxd4 b5 14. Qb3 Qd6 15. Rfd1 Ne4 16. Nxe4 dxe4 17. Qe3 Rfd8 18. Bxe4 Rac8 19. Rd2 Qb4 20. Rad1 Qa5 21. b3 h6 22. Bb1 Bb4 23. Rd3 Re8 24. Qe4 f5 25. Qf3 Qc7 26. Re3 g6 27. g4 Qf7 28. gxf5 Bxf5 29. Bxf5 gxf5 30. Rxe8+ Rxe8 31. Kh1 Bf8 32. Bb2 b4 33. Rg1+ Kh7 34. Qd3 1-0

[Event "IECG CP.2002.Q.00022 email"]
[Site "IECG email"]
[Date "2003.10.01"]
[Round "?"]
[White "Sperrer, Reinhard"]
[Black "Birzer, Lothar"]
[Result "0-1"]
[WhiteElo "1288"]
[BlackElo "2061"]
[PlyCount "46"]
[EventDate "2003.10.01"]
[EventType "tourn (corr)"]
[EventRounds "10"]
[SourceTitle "Corr 2008"]
[Source "ChessBase"]
[SourceDate "2008.06.24"]
[SourceVersion "1"]
[SourceVersionDate "2008.06.24"]
[SourceQuality "1"]

1. c4 e6 2. Nc3 d5 3. d4 c6 4. e3 Nf6 5. Nf3 Nbd7 6. Bd3 dxc4 7. Bxc4 b5 8. Bb3 b4 9. Ne2 Bb7 10. 0-0 Bd6 11. Nd2 c5 12. Nc4 Bc7 13. a3 a5 14. Ba4 0-0 15. f3 cxd4 16. Qxd4 Ba6 17. Rd1 Bb6 18. Nxb6 Nxb6 19. Qxd8 Rfxd8 20. Rxd8+ Rxd8 21. axb4 Bxe2 22. bxa5 Nxa4 23. Rxa4 Rd1+ 0-1

[Event "IECG CP.2002.Q.00022 email"]
[Site "IECG email"]
[Date "2003.10.01"]
[Round "?"]
[White "Sperrer, Reinhard"]
[Black "Sakai, Kiyotaka"]
[Result "0-1"]
[WhiteElo "1288"]
[BlackElo "2546"]
[PlyCount "70"]
[EventDate "2003.10.01"]
[EventType "tourn (corr)"]
[EventRounds "10"]
[SourceTitle "Corr 2008"]
[Source "ChessBase"]
[SourceDate "2008.06.24"]
[SourceVersion "1"]
[SourceVersionDate "2008.06.24"]
[SourceQuality "1"]

1. c4 e5 2. Nc3 Nf6 3. g3 Bb4 4. Nf3 Nc6 5. Bg2 0-0 6. 0-0 e4 7. Ng5 Bxc3 8. bxc3 Re8 9. d3 exd3 10. exd3 h6 11. Ne4 b6 12. Re1 Bb7 13. Bf4 Na5 14. c5 Bc6 15. Nxf6+ Qxf6 16. Bxc6 Nxc6 17. Rxe8+ Rxe8 18. d4 bxc5 19. dxc5 Qxc3 20. Rc1 Qd4 21. Bxc7 Qb2 22. Rb1 Qxa2 23. Ra1 Qe6 24. Qd3 a5 25. Ra4 Qe1+ 26. Kg2 Re2 27. Qf5 Qd1 28. Re4 Rxe4 29. Qxe4 g6 30. Qe8+ Kg7 31. Be5+ Nxe5 32. Qxe5+ Kh7 33. h4 h5 34. Qf4 Qd5+ 35. Kf1 Kg7 0-1

[Event "IECG CE.2003.0.00057 email"]
[Site "IECG email"]
[Date "2003.08.17"]
[Round "?"]
[White "Sampaio Vianna Braga, Carlos Fernando"]
[Black "Sperrer, Reinhard"]
[Result "1-0"]
[WhiteElo "1302"]
[BlackElo "1288"]
[PlyCount "67"]
[EventDate "2003.08.17"]
[EventType "tourn (corr)"]
[EventRounds "6"]
[SourceTitle "Corr 2008"]
[Source "ChessBase"]
[SourceDate "2008.06.24"]
[SourceVersion "1"]
[SourceVersionDate "2008.06.24"]
[SourceQuality "1"]

1. d4 f5 2. c4 Nf6 3. Nf3 e6 4. g3 Bb4+ 5. Bd2 Bxd2+ 6. Nbxd2 0-0 7. Bg2 d6 8. 0-0 Nbd7 9. Qc2 c6 10. b4 d5 11. a4 Qe7 12. b5 e5 13. dxe5 Nxe5 14. Nxe5 Qxe5 15. Nf3 Qe4 16. Qb2 Re8 17. bxc6 bxc6 18. cxd5 cxd5 19. e3 Ba6 20. Nd4 Qe5 21. Rfc1 Ne4 22. f4 Qb8 23. Qa3 Qd8 24. Nxf5 Qd7 25. Nd4 Bc4 26. Nf3 Rab8 27. Rab1 Rxb1 28. Rxb1 Qf5 29. Rc1 a6 30. Ne5 h6 31. Qb4 a5 32. Qb6 Rc8 33. g4 Be2 34. Nc6 1-0

[Event "IECG CE.2003.0.00057 email"]
[Site "IECG email"]
[Date "2003.08.17"]
[Round "?"]
[White "Sperrer, Reinhard"]
[Black "Topot, Iwan"]
[Result "1/2-1/2"]
[WhiteElo "1288"]
[BlackElo "1395"]
[PlyCount "89"]
[EventDate "2003.08.17"]
[EventType "tourn (corr)"]
[EventRounds "6"]
[SourceTitle "Corr 2008"]
[Source "ChessBase"]
[SourceDate "2008.06.24"]
[SourceVersion "1"]
[SourceVersionDate "2008.06.24"]
[SourceQuality "1"]

1. c4 f5 2. Nc3 g6 3. g3 Bg7 4. d4 Nc6 5. Nf3 d6 6. Bg2 Nf6 7. 0-0 0-0 8. d5 Na5 9. Nd2 b6 10. Qc2 Ba6 11. b3 Nh5 12. Bb2 Qd7 13. e3 Nb7 14. Ne2 Nd8 15. Nd4 Bb7 16. a4 c5 17. dxc6 Bxc6 18. Nxc6 Nxc6 19. Bxg7 Kxg7 20. a5 Nf6 21. e4 fxe4 22. Nxe4 bxa5 23. Ng5 Kg8 24. Bxc6 Qxc6 25. Ne6 Rf7 26. Rxa5 Ng4 27. Rg5 Ne5 28. f4 Nf3+ 29. Rxf3 Qxf3 30. Rxg6+ hxg6 31. Qxg6+ Kh8 32. Qxf7 Qd1+ 33. Kg2 Qc2+ 34. Kh3 Qh7+ 35. Qxh7+ Kxh7 36. Kg4 Kg6 37. f5+ Kf6 38. Kf4 a5 39. g4 a4 40. g5+ Kf7 41. bxa4 Rxa4 42. h4 Rxc4+ 43. Kg3 Rc3+ 44. Kg4 Rc4+ 45. Nf4 1/2-1/2

[Event "IECG CE.2002.0.00040 email"]
[Site "IECG email"]
[Date "2002.11.06"]
[Round "?"]
[White "Genilo, Jose Amado T"]
[Black "Sperrer, Reinhard"]
[Result "0-1"]
[WhiteElo "1367"]
[BlackElo "1270"]
[PlyCount "20"]
[EventDate "2002.11.06"]
[EventType "tourn (corr)"]
[EventRounds "6"]
[SourceTitle "Corr 2008"]
[Source "ChessBase"]
[SourceDate "2008.06.24"]
[SourceVersion "1"]
[SourceVersionDate "2008.06.24"]
[SourceQuality "1"]

1. d4 d5 2. c4 e6 3. Nc3 Nf6 4. Nf3 c5 5. e3 Nc6 6. dxc5 Bxc5 7. cxd5 exd5 8. Be2 0-0 9. 0-0 d4 10. Na4 b6 0-1

[Event "IECG CE.2002.0.00040 email"]
[Site "IECG email"]
[Date "2002.11.06"]
[Round "?"]
[White "Neighbors, Teddy"]
[Black "Sperrer, Reinhard"]
[Result "1-0"]
[WhiteElo "1370"]
[BlackElo "1270"]
[PlyCount "55"]
[EventDate "2002.11.06"]
[EventType "tourn (corr)"]
[EventRounds "6"]
[SourceTitle "Corr 2008"]
[Source "ChessBase"]
[SourceDate "2008.06.24"]
[SourceVersion "1"]
[SourceVersionDate "2008.06.24"]
[SourceQuality "1"]

1. e4 Nf6 2. e5 Nd5 3. d4 d6 4. c4 Nb6 5. exd6 exd6 6. Nc3 Be7 7. h3 0-0 8. Nf3 Re8 9. Be2 Bf6 10. 0-0 Bf5 11. Qb3 c5 12. Be3 Nc6 13. dxc5 dxc5 14. Rad1 Nd4 15. Bxd4 Bxd4 16. Nxd4 cxd4 17. Nb5 Qf6 18. Nxd4 Bg6 19. c5 Nd7 20. Qc3 Rac8 21. b4 Be4 22. Nb5 Qxc3 23. Nxc3 Nf6 24. Rd6 b6 25. Ba6 Rcd8 26. Nxe4 Nxe4 27. Rxd8 Rxd8 28. c6 1-0

[Event "IECG CE.2002.0.00040 email"]
[Site "IECG email"]
[Date "2002.11.06"]
[Round "?"]
[White "Sperrer, Reinhard"]
[Black "Trevis, Robert R"]
[Result "1/2-1/2"]
[WhiteElo "1270"]
[BlackElo "1349"]
[PlyCount "85"]
[EventDate "2002.11.06"]
[EventType "tourn (corr)"]
[EventRounds "6"]
[SourceTitle "Corr 2008"]
[Source "ChessBase"]
[SourceDate "2008.06.24"]
[SourceVersion "1"]
[SourceVersionDate "2008.06.24"]
[SourceQuality "1"]

1. c4 e5 2. Nc3 Nf6 3. g3 c6 4. Nf3 e4 5. Nd4 d5 6. cxd5 cxd5 7. d3 Bc5 8. Nb3 Bb6 9. Bg2 0-0 10. dxe4 Nxe4 11. Nxe4 dxe4 12. Qxd8 Rxd8 13. Bxe4 Nc6 14. 0-0 Bg4 15. Re1 Re8 16. Bxc6 bxc6 17. e3 a5 18. Nd2 Be6 19. b3 Rad8 20. Nc4 Bxc4 21. bxc4 Re4 22. Rb1 Bc5 23. Bb2 Rxc4 24. Rec1 Rxc1+ 25. Rxc1 Rd5 26. a4 f6 27. Kf1 f5 28. Rc4 Kf7 29. Bc3 Rd1+ 30. Ke2 Rd5 31. h3 g6 32. f3 Bb4 33. Bxb4 axb4 34. Rxb4 Ra5 35. e4 Ke6 36. Kd3 fxe4+ 37. Kxe4 Rg5 38. g4 Rc5 39. Kd4 Ra5 40. Rc4 c5+ 41. Rxc5 Rxa4+ 42. Rc4 Rxc4+ 43. Kxc4 1/2-1/2

[Event "IECG CP.2002.Q.00022 email"]
[Site "IECG email"]
[Date "2002.10.01"]
[Round "?"]
[White "Sturdivant, Al"]
[Black "Sperrer, Reinhard"]
[Result "0-1"]
[WhiteElo "1351"]
[BlackElo "1288"]
[PlyCount "42"]
[EventDate "2003.10.01"]
[EventType "tourn (corr)"]
[EventRounds "10"]
[SourceTitle "Corr 2008"]
[Source "ChessBase"]
[SourceDate "2008.06.24"]
[SourceVersion "1"]
[SourceVersionDate "2008.06.24"]
[SourceQuality "1"]

1. e4 d6 2. d4 Nc6 3. d5 Ne5 4. f4 Nd7 5. Nf3 c6 6. Nc3 Ngf6 7. dxc6 bxc6 8. e5 Ng4 9. Ng5 Nh6 10. e6 Nf6 11. Nxf7 Nxf7 12. exf7+ Kxf7 13. Bc4+ d5 14. Be3 Qa5 15. Bb3 Bf5 16. 0-0 e6 17. Bd4 Be7 18. Qe1 c5 19. Bxf6 Bxf6 20. Nxd5 Qxe1 21. Raxe1 exd5 0-1